000 00672nam a22001817a 4500
003 BUBTL
008 190309b xxu||||| |||| 00| 0 eng d
020 _a8170664365
082 _a891.443 / M8968d
100 _92163
_aমুখোপাধ্যায় , শীর্ষেন্দু
245 _aদূরবীন /
_cশীর্ষেন্দু মুখোপাধ্যায়
260 _aকলকাতা :
_bআনন্দ পাবলিশার্স,
_cc1986.
300 _a615 p. :
_c21 cm.
650 0 _91687
_aবাংলা সাহিত্য
856 _k0
_l0
_yDownload
942 _2ddc
_cBK
999 _c6247
_d6247